000 00658nam a2200265Ia 4500
005 20260121170638.0
008 008 260114s9999 xx 000 0 eng d
020 _a9783319918365
037 _aEBOOK
040 _aCRL
040 _beng
040 _cCRL
041 _2eng
041 _aeng
084 _qCRL
100 _aMiroslaw Staron, Wilhelm Meding
_91066420
245 0 _aSoftware Development Measurement Programs
260 _bSpringer
260 _bSpringer
260 _c2018
856 _uhttps://link.springer.com/openurl?genre=book&isbn=978-3-319-91836-5
942 _cEBOOK
999 _c1632150
_d1632150